00478 2200169 4500001002100000005001700021008004100038035002400079082001200103090001900115100001800134245007500152260002600227300002500253650001800278990001200296YOGYA-0612000000092120120613235813.0 ind  0010-061200000000919 a839.313 a839.313bMeu G aMeurs, F. Van aGrepen wit het leven van den outl - Indischen bard / Door F. Van Meurs amagelangb[s.n]c1918 a131 hlmbilusc22 cm aFiksi Belanda a47532-a